000 00665nam a2200229Ia 4500
003 GCL
008 140319s9999 xx 000 0 ara d
040 _aGCL /
_cGCL
082 0 4 _a251.222
_bع م
100 1 _aعزت حسنين
245 1 0 _aالمسكرات والمخدرات بين الشريعة والقانون /
_cعزت حسنين
260 _a[S.N] :
_bدائرة الاعلام ،
_c1986
300 _a400 ص
490 _a
650 0 4 _aالقانون
650 0 4 _aالاسلام
650 0 4 _aالشريعة الاسلامية
650 0 4 _aالمخدرات
650 0 4 _aالتشريع
650 0 4 _aالمسكرات
942 _2ddc
_cBK
999 _c31802
_d31802